01654nab a22002297a 4500999001500000003000400015005001700019008004100036040000700077100003500084245015200119260007200271300001300343500005000356505069200406505009001098650002601188650003001214650002801244773013901272942001301411 c5994d5994OSt20260115190635.0190605e xxu||||| |||| 00| 0 spa d cPJ 96169aMosquera, Gerardo Raúl10aExtensión del período de prueba por convención colectiva. Una oportunidad para fortalecer los derechos laborales /cGerardo Raúl Mosquera.  aCiudad Autónoma de Buenos Aires :bThomson Reuters La Ley,c2025. ap. 20-29 aCita Online: Cita: TR LALEY AR/DOC/348/2025. aSumario: I. Introducción.— II. Período de Prueba según ley 27.742.— III. Intervención sindical y rol de la Convención Colectiva de Trabajo.— IV. Limitaciones de la Convención Colectiva de Trabajo.— V. Extensión del período de prueba y principio de no regresividad.— VI. Beneficios y protección del trabajador que pueden surgir de la extensión del período de prueba. Función del protocolo, Código de Ética y del Oficial de Cumplimiento.— VII. La figura del Oficial de Cumplimiento.— VIII. Protocolo para el período de prueba.— IX. El beneficio empresario.— X. La protección reforzada durante el período de prueba.— XI. Conclusiones.  t¿Te interesa el texto completo? Solicitalo al correo: koha@justierradelfuego.gov.ar  091316aDERECHO LABORAL 091323aCONTRATO DE TRABAJO 096786aPERIODO DE PRUEBA0 0271193168dCiudad Autónoma de Buenos Aires : Thomson Reuters La Ley, 1999-2002.tRevista de derecho del trabajo. Nº 2 - Marzo 2025 2udccANA